header

An assessment of research-doctorate programs in the United States (Record no. 28260)

MARC details
000 -LEADER
fixed length control field 01655nam a2200337Ia 4500
082 04 - DEWEY DECIMAL CLASSIFICATION NUMBER
Classification number 500.2/07/1173
245 03 - TITLE STATEMENT
Title An assessment of research-doctorate programs in the United States
260 ## - PUBLICATION, DISTRIBUTION, ETC. (IMPRINT)
Place of publication Washington, D.C. :
Name of publisher National Academy Press,
Year of publication 1982.
300 ## - PHYSICAL DESCRIPTION
Number of Pages xii, 243 p. :
Other physical details ill.
650 #0 - SUBJECT ADDED ENTRY--TOPICAL TERM
Topical Term Science
Topical Term Research
Topical Term Doctor of philosophy degree
700 1# - ADDED ENTRY--PERSONAL NAME
Personal name Jones, Lyle V.
Personal name Lindzey, Gardner.
Personal name Coggeshall, Porter E.
856 40 - ELECTRONIC LOCATION AND ACCESS
Uniform Resource Identifier http://site.ebrary.com/lib/rucke/Doc?id=10068349

No items available.

© 2026 Rongo University
Contact us: librarian | system librarian | Rongo university